| 000 | 00676nam a22002177a 4500 | ||
|---|---|---|---|
| 001 | 37516 | ||
| 003 | BD-RjUL | ||
| 005 | 20211209052622.0 | ||
| 008 | 150121s1998 ii a|||| |||| 001 0 eng d | ||
| 035 | _a(BD-RjUL)37620 | ||
| 040 |
_aBD-RjUL _beng _cBD-RjUL |
||
| 041 | _aeng | ||
| 082 |
_221 _a 632.96 _bINT 1998 |
||
| 245 |
_aIntegrated pest and disease management / _cedited by Rajeev K. Upadhyay ... [et al.] |
||
| 260 |
_aNew Delhi : _bA.P.H. Pub., _c1998. |
||
| 300 |
_axiv, 695 p. : _billustrations ; _c26 cm. |
||
| 500 | _aIncludes index. | ||
| 650 |
_aAgricultural pests _x Integrated control. _9115210 |
||
| 700 |
_aUpadhyay, Rajeev K. _9115225 |
||
| 942 |
_2ddc _cBK |
||
| 999 |
_c37516 _d37516 |
||